INDIAN FINANCIAL SYSTEM (Record no. 21307)
[ view plain ]
| 000 -LEADER | |
|---|---|
| fixed length control field | 00251nam a22001217a 4500 |
| 003 - CONTROL NUMBER IDENTIFIER | |
| control field | SGT |
| 082 ## - DEWEY DECIMAL CLASSIFICATION NUMBER | |
| Item number | MAC |
| 100 ## - MAIN ENTRY--PERSONAL NAME | |
| Personal name | MACHIRAJU, H.R. |
| 245 ## - TITLE STATEMENT | |
| Title | INDIAN FINANCIAL SYSTEM |
| 260 ## - PUBLICATION, DISTRIBUTION, ETC. (IMPRINT) | |
| Place of publication, distribution, etc | UP |
| Name of publisher, distributor, etc | VIKASH PUB. |
| Year of Publication | 2012 |
| 300 ## - PAGE DESCRIPTION | |
| No. of Pages | 457 |
| 942 ## - ADDED ENTRY ELEMENTS (KOHA) | |
| Source of classification or shelving scheme | Dewey Decimal Classification |
| Koha item type | Books |
| 942 ## - ADDED ENTRY ELEMENTS (KOHA) | |
| -- | 2 |
| Withdrawn status | Lost status | Source of classification or shelving scheme | Damaged status | Not for loan | Collection code | Home library | Current library | Date acquired | SGTU | Total Checkouts | Total Renewals | Full call number | Accession No. (Barcode) | Date last seen | Date last borrowed | Bill Date | Koha item type |
|---|---|---|---|---|---|---|---|---|---|---|---|---|---|---|---|---|---|
| Dewey Decimal Classification | COMMERCE MANAGEMENT | SGT Science & Social Sciences Library | SGT Science & Social Sciences Library | 25/05/2021 | SGTU | 2 | 1 | MAC | CM6175 | 11/02/2022 | 21/12/2021 | 25/05/2021 | Books |